Historia de la Santa A.M. Iglesia de Santiago de Compostela / (Record no. 158028)

MARC details
000 -LEADER
campo de control de longitud fija 00747nam a22001935i 4500
001 - NÚMERO DE CONTROL
campo de control 158028
003 - IDENTIFICADOR DE NÚMERO DE CONTROL
campo de control ES-MaACL
005 - FECHA Y HORA DE LA ÚLTIMA TRANSACCIÓN
campo de control 20250907063119.0
008 - DATOS DE LONGITUD FIJA--INFORMACIÓN GENERAL
campo de control de longitud fija 990602m18981909sp af |||| | spa d
040 ## - FUENTE DE CATALOGACIÓN
Centro catalogador/agencia de origen CCPB | B
Lengua de catalogación spa
Centro/agencia transcriptor CCPB | B
100 1# - ENTRADA PRINCIPAL--NOMBRE DE PERSONA
Nombre de persona López Ferreiro, Antonio,
Fechas asociadas al nombre 1837-1910
9 (RLIN) 73640
245 10 - MENCIÓN DEL TÍTULO
Título Historia de la Santa A.M. Iglesia de Santiago de Compostela /
Mención de responsabilidad, etc. por Antonio López Ferreiro.
260 ## - PUBLICACIÓN, DISTRIBUCIÓN, ETC.
Lugar de publicación, distribución, etc. Santiago :
Nombre del editor, distribuidor, etc. [s.n.],
Fecha de publicación, distribución, etc. 1898-1909 (
Fabricante Imp. y enc. del Seminario Conciliar Central)
300 ## - DESCRIPCIÓN FÍSICA
Extensión 11 v. ;
Dimensiones 25 cm.
610 04 - PUNTO DE ACCESO ADICIONAL DE MATERIA--NOMBRE DE ENTIDAD CORPORATIVA
Nombre de entidad corporativa o nombre de jurisdicción como elemento de entrada Catedral de Santiago de Compostela.
9 (RLIN) 2524
651 #4 - PUNTO DE ACCESO ADICIONAL DE MATERIA--NOMBRE GEOGRÁFICO
Nombre geográfico Santiago de Compostela-
Subdivisión general Historia eclesiástica.
9 (RLIN) 155823
852 ## - LOCALIZACIÓN
Ubicación ES-MaACL
Número de control de estantería F-132-42
Nota libre -- Pasta española
Holdings
Estatus retirado Estado de pérdida Estado de daño No para préstamo Colección Biblioteca de origen Biblioteca actual Ubicación en estantería Fecha de adquisición Total de préstamos Signatura topográfica completa Código de barras Visto por última vez Precio de reemplazo Tipo de ítem Koha
        Libros del s. XIX Biblioteca del Ateneo de Madrid Biblioteca del Ateneo de Madrid Depósito 2 17/01/2008   F-132-42 1165389 23/02/2023 23/02/2023 Libro impreso antiguo